Name the NHL team by one player - Statistics

General Stats
  • This quiz has been taken 26 times
  • The average score is 28 of 32
Answer Stats
Hint Answer % Correct
Charlie Coyle Boston Bruins
96%
Sam Bennett Florida Panthers
96%
Jacob Trouba New York Rangers
96%
Jake Guentzel Pittsburgh Penguins
96%
Mikey Eyssimont Tampa Bay Lightning
96%
Quinn Hughes Vancouver Canucks
96%
Adam Lowry Winnipeg Jets
96%
Troy Terry Anaheim Ducks
91%
Clayton Keller Arizona Coyotes
91%
Owen Power Buffalo Sabres
91%
Christopher Tanev Calgary Flames
91%
Jordan Staal Carolina Hurricanes
91%
Boone Jenner Columbus Blue Jackets
91%
Andrew Copp Detroit Red Wings
91%
Ryan Nugent-Hopkins Edmonton Oilers
91%
Filip Forsberg Nashville Predators
91%
Anders Lee New York Islanders
91%
Shane Pinto Ottawa Senators
91%
Sean Couturier Philadelphia Flyers
91%
Logan Couture San Jose Sharks
91%
Matty Beniers Seattle Kraken
91%
Brayden Schenn St Louis Blues
91%
Mark Stone Vegas Golden Knights
91%
Connor Murphy Chicago Blackhawks
87%
Gabriel Landeskog Colorado Avalanche
87%
Marcus Foligno Minnesota Wild
87%
Brendan Gallager Montreal Canadiens
87%
Erik Haula New Jersey Devils
87%
Calle Jarnkrok Toronto Maple Leafs
87%
Tom Wilson Washington Capitals
87%
Evegenii Dadonov Dallas Stars
78%
Trevor Moore LA Kings
26%
No matching quizzes found
Score Distribution
Percent of People with Each Score
Percentile by Number Answered
Your Score History
You have not taken this quiz